| 000 | 00503nam a2200145Ia 4500 | ||
|---|---|---|---|
| 001 | 15107 | ||
| 003 | GE_BSU | ||
| 008 | 181216s||||||||xx |||||||||||||| ||und|| | ||
| 040 | _cGE_BSU | ||
| 100 | _aВиленкин, Н.Я. Мордкович,А.Г. Куницкая,Е.С. | ||
| 245 | _aМатематический анализ. Интегральное исчисление | ||
| 653 | _aИнтегральное исчисление | ||
| 653 | _aМатематический анализ | ||
| 942 | _cBK | ||
| 999 |
_c48223 _d48223 |
||